Choosing research methods : Data collection for development workers (Record no. 117064)

MARC details
000 -LEADER
fixed length control field 00901nam a2200289Ia 4500
003 - CONTROL NUMBER IDENTIFIER
control field OSt
005 - DATE AND TIME OF LATEST TRANSACTION
control field 20220918111907.0
008 - FIXED-LENGTH DATA ELEMENTS--GENERAL INFORMATION
fixed length control field 220915b |||||||| |||| 00| 0 eng d
020 ## - INTERNATIONAL STANDARD BOOK NUMBER
International Standard Book Number 9788190358030 (hbk)
037 ## - SOURCE OF ACQUISITION
Terms of availability Textbook
040 ## - CATALOGING SOURCE
Language of cataloging eng
Original cataloging agency ARTS
Transcribing agency ARTS
041 ## - LANGUAGE CODE
Language code of text/sound track or separate title eng
100 ## - MAIN ENTRY--PERSONAL NAME
Personal name Pratt Brian
9 (RLIN) 11017
245 #0 - TITLE STATEMENT
Title Choosing research methods : Data collection for development workers
260 ## - PUBLICATION, DISTRIBUTION, ETC.
Place of publication, distribution, etc. New Delhi
Name of publisher, distributor, etc. The Publisher India
300 ## - PHYSICAL DESCRIPTION
Extent xiv, 146p.
Dimensions cm.
490 ## - SERIES STATEMENT
Series statement Development guidelines; 7
650 ## - SUBJECT ADDED ENTRY--TOPICAL TERM
Topical term or geographic name entry element Social Science
9 (RLIN) 11018
700 ## - ADDED ENTRY--PERSONAL NAME
Personal name Loizos Peter
9 (RLIN) 11019
942 ## - ADDED ENTRY ELEMENTS (KOHA)
Classification part Sigma:f, P9
Koha item type Textbook
Source of classification or shelving scheme Colon Classification (CC)

No items available.

Copyright @ Delhi University Library System